000 00476nam a2200181Ia 4500
001 9395
005 20260306161715.0
008 260306t2019||||xx |||||||||||||| ||spa||
041 _aESP
082 _a378.2
_bS56
100 _aSime Poma, Luis
_eAUT
245 0 _aLos doctorados en educación:
_btendencias y retos para la formación de investigadores
260 _c2019
300 _a317 páginas :
_c20 cm.
650 _aGEN
654 _aCED
942 _cLIB
_dJUS
_fJUS
_2ddc
_n
999 _c9395
_d9395